[Event "Campeonato de Australia 2007-2008"]
[Site "Parramatta AUS"]
[Date "2008.01.09"]
[Round "9.9"]
[White "Lane, Gary William"]
[Black "Pecori, Ascaro"]
[Result "1-0"]
[WhiteElo "2412"]
[BlackElo "2129"]
[PlyCount "61"]
[EventDate "2008.01.02"]
[EventType "swiss"]
[EventRounds "11"]
[EventCountry "AUS"]
[Source "lmi"]
[SourceDate "2008.01.02"]

1. e4 c5 2. Nf3 Nc6 3. d4 cxd4 4. Nxd4 Nf6 5. Nc3 e6 6. Ndb5 d6 7. Bf4 e5 8.
Bg5 a6 9. Na3 Be6 10. Nc4 b5 11. Bxf6 gxf6 12. Ne3 Nd4 13. Ncd5 Bxd5 14. Nxd5
Bg7 15. c3 Ne6 16. Qg4 O-O 17. Rd1 Kh8 18. Rd3 Rg8 19. Qf5 Rc8 20. Rh3 h6 21.
Rg3 Rc5 22. Bd3 a5 23. O-O a4 24. f4 Rf8 25. Rff3 b4 26. a3 bxa3 27. bxa3 Rc8
28. Rg4 Rg8 29. Rh3 Rb8 30. Nxf6 Qb6+ 31. Kf1 1-0

[Event "Campeonato de Australia 2007-2008"]
[Site "Parramatta AUS"]
[Date "2008.01.09"]
[Round "9.10"]
[White "Malik, Hani"]
[Black "Suttor, Vincent"]
[Result "1/2-1/2"]
[WhiteElo "2009"]
[BlackElo "2139"]
[PlyCount "55"]
[EventDate "2008.01.02"]
[EventType "swiss"]
[EventRounds "11"]
[EventCountry "AUS"]
[Source "lmi"]
[SourceDate "2008.01.02"]

1. e4 c5 2. Nf3 d6 3. d4 cxd4 4. Nxd4 Nf6 5. Nc3 g6 6. Bc4 Bg7 7. Be3 O-O 8. f3
Nc6 9. Qd2 Bd7 10. g4 Nxd4 11. Bxd4 Be6 12. Be2 Qa5 13. g5 Nd7 14. Bxg7 Kxg7
15. Nb5 Qxd2+ 16. Kxd2 Rfc8 17. b3 Nc5 18. c4 a6 19. Nd4 Bd7 20. h4 Rcb8 21. h5
b5 22. Rh2 e5 23. Nc2 b4 24. Rah1 a5 25. hxg6 hxg6 26. Rh7+ Kf8 27. Ne3 Be6 28.
Rh8+ 1/2-1/2

[Event "Campeonato de Australia 2007-2008"]
[Site "Parramatta AUS"]
[Date "2008.01.09"]
[Round "9.11"]
[White "Atzmon-Simon, Barak"]
[Black "Hacche, David"]
[Result "1/2-1/2"]
[WhiteElo "2142"]
[BlackElo "2182"]
[PlyCount "82"]
[EventDate "2008.01.02"]
[EventType "swiss"]
[EventRounds "11"]
[EventCountry "AUS"]
[Source "lmi"]
[SourceDate "2008.01.02"]

1. c4 e6 2. g3 d5 3. Bg2 c6 4. Nf3 Be7 5. O-O Nd7 6. d3 Ngf6 7. Nbd2 O-O 8. b3
a5 9. a4 Re8 10. Bb2 Bf8 11. d4 c5 12. e4 dxe4 13. Ng5 cxd4 14. Bxd4 Nc5 15.
Bxc5 Bxc5 16. Ndxe4 Bd4 17. Ra2 Nxe4 18. Bxe4 h6 19. Nf3 Bc3 20. Qc2 Qf6 21.
Rd1 Rb8 22. Rd3 Bb4 23. Nd4 Bd7 24. Qd1 Red8 25. Nc2 Bc5 26. Ne1 Be8 27. Rad2
Rxd3 28. Nxd3 Bd4 29. Ne1 Bc3 30. Rd3 Bb4 31. Nc2 Bc5 32. Qd2 b6 33. Ne3 Qe7
34. Kg2 Rc8 35. Bf3 Bb4 36. Qd1 Qc7 37. Nc2 Be7 38. Nd4 Qc5 39. Ne2 Bf6 40. Nc3
Be7 41. Ne4 Qc7 1/2-1/2

[Event "Campeonato de Australia 2007-2008"]
[Site "Parramatta AUS"]
[Date "2008.01.09"]
[Round "9.12"]
[White "Hu, Jason"]
[Black "Lazarus, Benjamin"]
[Result "0-1"]
[WhiteElo "2120"]
[BlackElo "2123"]
[PlyCount "72"]
[EventDate "2008.01.02"]
[EventType "swiss"]
[EventRounds "11"]
[EventCountry "AUS"]
[Source "lmi"]
[SourceDate "2008.01.02"]

1. c4 c5 2. Nf3 g6 3. e3 Bg7 4. d4 Nf6 5. Nc3 O-O 6. Bd3 cxd4 7. exd4 d5 8. O-O
Nc6 9. h3 b6 10. Bg5 Be6 11. c5 bxc5 12. dxc5 Qa5 13. Bb5 Rac8 14. Qa4 Qxa4 15.
Nxa4 Ne4 16. Bxc6 Rxc6 17. Bxe7 Re8 18. Bd6 Nxd6 19. cxd6 Rxd6 20. Rad1 Ra6 21.
b3 Rc8 22. Rd2 Rac6 23. Rfd1 Bh6 24. Re2 Rc2 25. Rde1 Rxe2 26. Rxe2 Rc1+ 27.
Kh2 Kf8 28. b4 Rc4 29. a3 Bc1 30. Ra2 d4 31. Re2 d3 32. Re1 Bxa3 33. Nc5 Bxb4
34. Nxe6+ fxe6 35. Rd1 d2 36. Nxd2 Rd4 0-1

[Event "Campeonato de Australia 2007-2008"]
[Site "Parramatta AUS"]
[Date "2008.01.09"]
[Round "9.13"]
[White "Broekhuyse, Paul"]
[Black "Canfell, Gregory"]
[Result "0-1"]
[WhiteElo "2130"]
[BlackElo "2315"]
[PlyCount "80"]
[EventDate "2008.01.02"]
[EventType "swiss"]
[EventRounds "11"]
[EventCountry "AUS"]
[Source "lmi"]
[SourceDate "2008.01.02"]

1. d4 Nf6 2. Nf3 g6 3. e3 Bg7 4. Bd3 c5 5. O-O O-O 6. b3 Nc6 7. Bb2 cxd4 8.
exd4 d5 9. Nbd2 Nb4 10. Be2 Bf5 11. a3 Bxc2 12. Qc1 Bd3 13. axb4 Bxe2 14. Re1
Rc8 15. Qb1 Bxf3 16. Nxf3 a6 17. b5 axb5 18. Qd3 b4 19. Qb5 Rc2 20. Qxb4 Rxb2
21. Qc3 Rxf2 22. Qb4 Ne4 23. Qxb7 Qc8 24. Qxd5 Rxg2+ 25. Kxg2 Qg4+ 26. Kf1
Qxf3+ 27. Kg1 Ng5 28. Qxf3 Nxf3+ 29. Kg2 Nxe1+ 30. Rxe1 Bxd4 31. Rxe7 Rb8 32.
Re4 Bc3 33. Re3 Rxb3 34. Kf3 Ra3 35. Ke4 Bb4 36. Re2 Kg7 37. Rb2 Bd6 38. Rd2
Ra4+ 39. Kd5 Bf4 40. Rf2 g5 0-1

[Event "Campeonato de Australia 2007-2008"]
[Site "Parramatta AUS"]
[Date "2008.01.09"]
[Round "9.14"]
[White "Pyke, Malcolm"]
[Black "Bjelobrk, Igor"]
[Result "0-1"]
[WhiteElo "2191"]
[BlackElo "2380"]
[PlyCount "102"]
[EventDate "2008.01.02"]
[EventType "swiss"]
[EventRounds "11"]
[EventCountry "AUS"]
[Source "lmi"]
[SourceDate "2008.01.02"]

1. c4 f5 2. b3 b6 3. Nf3 Bb7 4. g3 Nf6 5. Bg2 e6 6. O-O Be7 7. Bb2 O-O 8. d3
Qe8 9. Nbd2 Qh5 10. e3 Nc6 11. Ne5 Qxd1 12. Rfxd1 Nxe5 13. Bxe5 Bxg2 14. Kxg2
c6 15. a3 a5 16. Bc3 Rfb8 17. e4 fxe4 18. dxe4 b5 19. e5 Ne8 20. a4 bxc4 21.
Nxc4 Rxb3 22. Bxa5 Bb4 23. Nd2 Bxd2 24. Bxd2 Nc7 25. a5 Kf7 26. Rdb1 Rd3 27.
Be1 Nb5 28. Rd1 Rd5 29. f4 Nd4 30. Bc3 Nc2 31. Rxd5 exd5 32. Ra2 Ne3+ 33. Kf3
Nc4 34. f5 d4 35. Bxd4 Rxa5 36. Re2 Ke7 37. Kf4 c5 38. Bf2 d6 39. exd6+ Kxd6
40. f6 gxf6 41. Kf5 Ne5 42. Kxf6 Ng4+ 43. Kg7 Ra7+ 44. Kh8 Nxf2 45. Rxf2 c4 46.
g4 Rc7 47. h4 c3 48. h5 h6 49. Rc2 Ke5 50. g5 hxg5 51. Kg8 Kd4 0-1

[Event "Campeonato de Australia 2007-2008"]
[Site "Parramatta AUS"]
[Date "2008.01.09"]
[Round "9.15"]
[White "Boyd, Tristan"]
[Black "Hamilton, Douglas"]
[Result "1/2-1/2"]
[WhiteElo "2270"]
[BlackElo "2229"]
[PlyCount "108"]
[EventDate "2008.01.02"]
[EventType "swiss"]
[EventRounds "11"]
[EventCountry "AUS"]
[Source "lmi"]
[SourceDate "2008.01.02"]

1. d4 d5 2. Nf3 e6 3. c4 c5 4. cxd5 exd5 5. Nc3 Nc6 6. g3 Nf6 7. Bg2 Be7 8. O-O
O-O 9. Bg5 cxd4 10. Nxd4 h6 11. Be3 Re8 12. Qa4 Bd7 13. Rad1 Nb4 14. Qb3 a5 15.
Nxd5 Nbxd5 16. Bxd5 Nxd5 17. Qxd5 Bh3 18. Qxb7 Bxf1 19. Rxf1 Bf6 20. Nc6 Qc8
21. Qxc8 Rexc8 22. Rc1 Kf8 23. b4 axb4 24. Nxb4 Rxc1+ 25. Bxc1 Be7 26. Nd3 Rxa2
27. Kf1 Bd6 28. Be3 Ke7 29. f3 h5 30. Kf2 Ke6 31. Nf4+ Bxf4 32. Bxf4 Kd5 33. h4
g6 34. Bg5 Kc4 35. g4 Kc3 36. gxh5 gxh5 37. Ke3 Ra4 38. Kf2 Kd4 39. Bf6+ Kd5
40. e4+ Ke6 41. Bd8 Ke5 42. Bb6 Rb4 43. Bc5 Rc4 44. Ba7 Rc3 45. Kg3 Rb3 46. Bc5
Ke6 47. Kf4 Kd7 48. Bd4 Kc6 49. Bf6 Kc5 50. e5 Kd5 51. Kg5 Rxf3 52. Kxh5 Rg3
53. Kh6 Ke6 54. h5 Rh3 1/2-1/2

[Event "Campeonato de Australia 2007-2008"]
[Site "Parramatta AUS"]
[Date "2008.01.09"]
[Round "9.16"]
[White "Wei, Michael"]
[Black "Bird, Andrew"]
[Result "0-1"]
[WhiteElo "2139"]
[BlackElo "2148"]
[PlyCount "96"]
[EventDate "2008.01.02"]
[EventType "swiss"]
[EventRounds "11"]
[EventCountry "AUS"]
[Source "lmi"]
[SourceDate "2008.01.02"]

1. e4 c5 2. Nf3 d6 3. d4 cxd4 4. Nxd4 Nf6 5. Nc3 Nc6 6. Bc4 Na5 7. Bb5+ Bd7 8.
Qe2 Rc8 9. Bg5 Bxb5 10. Ndxb5 a6 11. Bxf6 gxf6 12. Nd4 Nc4 13. O-O e6 14. Nd1
Qb6 15. c3 Bg7 16. b3 Ne5 17. Rc1 O-O 18. Ne3 Nc6 19. Nxc6 Rxc6 20. Kh1 Rfc8
21. c4 Qd4 22. Ng4 b5 23. Rce1 Qb6 24. cxb5 Qxb5 25. Qxb5 axb5 26. f4 Kf8 27.
h3 Ke7 28. a4 bxa4 29. bxa4 Rc4 30. Ra1 f5 31. exf5 Bxa1 32. Rxa1 Rc1+ 33. Rxc1
Rxc1+ 34. Kh2 exf5 35. Ne3 Ke6 36. a5 d5 37. a6 Ra1 38. Nc2 Rxa6 39. Nd4+ Kd6
40. Nxf5+ Kc5 41. Kg3 Kc4 42. Kf3 Ra3+ 43. Kf2 Kd3 44. Nd6 Ra7 45. Nc8 Rd7 46.
Kf3 d4 47. g4 Kc2 48. Nb6 Rd8 0-1

[Event "Campeonato de Australia 2007-2008"]
[Site "Parramatta AUS"]
[Date "2008.01.09"]
[Round "9.17"]
[White "Morris, James"]
[Black "Stojic, Dusan"]
[Result "1-0"]
[WhiteElo "2096"]
[BlackElo "2155"]
[PlyCount "77"]
[EventDate "2008.01.02"]
[EventType "swiss"]
[EventRounds "11"]
[EventCountry "AUS"]
[Source "lmi"]
[SourceDate "2008.01.02"]

1. d4 Nf6 2. Nf3 g6 3. Nc3 d5 4. Bg5 Bg7 5. Bxf6 Bxf6 6. e4 dxe4 7. Nxe4 Bg7 8.
Bd3 O-O 9. c3 Nd7 10. O-O c6 11. Qd2 Qc7 12. Rfe1 e6 13. Qg5 Qd8 14. Qf4 c5 15.
dxc5 e5 16. Qe3 Kh8 17. Bc4 Qe7 18. b4 f5 19. Nd6 e4 20. Rad1 Qf6 21. Nxc8
Raxc8 22. Rxd7 exf3 23. Qxf3 Rfe8 24. Red1 b6 25. Ba6 Rc6 26. Rxg7 Kxg7 27. Bb5
Rce6 28. Bxe8 Rxe8 29. g3 bxc5 30. bxc5 Re7 31. c6 Qe6 32. Qd5 Kf6 33. c4 Rc7
34. Qd8+ Qe7 35. Rd6+ Kf7 36. Rd7 Rxd7 37. Qxd7 Qxd7 38. cxd7 Ke7 39. f4 1-0

[Event "Campeonato de Australia 2007-2008"]
[Site "Parramatta AUS"]
[Date "2008.01.10"]
[Round "10.1"]
[White "Antic, Dejan"]
[Black "Illingworth, Max"]
[Result "1/2-1/2"]
[WhiteElo "2480"]
[BlackElo "2201"]
[PlyCount "142"]
[EventDate "2008.01.02"]
[EventType "swiss"]
[EventRounds "11"]
[EventCountry "AUS"]
[Source "lmi"]
[SourceDate "2008.01.02"]

1. d4 Nf6 2. c4 e6 3. Nf3 Bb4+ 4. Bd2 Qe7 5. g3 Nc6 6. Nc3 Bxc3 7. Bxc3 Ne4 8.
Rc1 O-O 9. Bg2 a5 10. O-O Nxc3 11. Rxc3 d6 12. d5 Nb4 13. a3 Na6 14. dxe6 fxe6
15. Nd4 e5 16. Nb5 a4 17. Re3 Nc5 18. Nc3 Bf5 19. f4 c6 20. h3 Qd7 21. Kh2 exf4
22. gxf4 Qc7 23. Rg3 Rae8 24. Rf2 Be6 25. Nxa4 Bxc4 26. Nxc5 dxc5 27. e3 b6 28.
Rd2 Rd8 29. Bxc6 Be2 30. Qxe2 Qxc6 31. Qc4+ Kh8 32. Rdg2 g6 33. b4 Rf5 34. bxc5
Rxc5 35. Qb4 Rd1 36. Qb2+ Kg8 37. Qb3+ Qd5 38. e4 Qxb3 39. Rxb3 Rd4 40. f5 Rxe4
41. fxg6 Rc6 42. gxh7+ Kxh7 43. Rbg3 Re7 44. Rg4 Rh6 45. a4 Rh5 46. Rb2 Re6 47.
Rb3 Rhe5 48. Rgb4 Ra5 49. Rg3 Kh6 50. Rh4+ Rh5 51. Rb4 Ra5 52. Rg8 Kh7 53. Rgg4
Rf6 54. Kg3 Rc5 55. Rbc4 Rd5 56. Rgf4 Rd3+ 57. Kg2 Rd2+ 58. Kf3 Rd3+ 59. Ke4
Rxf4+ 60. Kxd3 Rf3+ 61. Kd4 Rxh3 62. Rb4 Kg7 63. Kd5 Rh6 64. Rf4 Rg6 65. Kc4
Rg5 66. Kb4 Rh5 67. Rc4 Kf7 68. Rc6 Ke7 69. Rxb6 Kd7 70. Rb5 Rh4+ 71. Ka5 Kc7
1/2-1/2

[Event "Campeonato de Australia 2007-2008"]
[Site "Parramatta AUS"]
[Date "2008.01.10"]
[Round "10.2"]
[White "Solomon, Stephen J"]
[Black "Xie, George"]
[Result "1/2-1/2"]
[WhiteElo "2468"]
[BlackElo "2413"]
[PlyCount "52"]
[EventDate "2008.01.02"]
[EventType "swiss"]
[EventRounds "11"]
[EventCountry "AUS"]
[Source "lmi"]
[SourceDate "2008.01.02"]

1. e4 d5 2. exd5 Qxd5 3. Nc3 Qd6 4. d4 Nf6 5. Nf3 a6 6. Be3 Nc6 7. Qd2 Nb4 8.
a3 Nbd5 9. Nxd5 Nxd5 10. c4 Nxe3 11. Qxe3 Qe6 12. c5 f6 13. Rc1 c6 14. b4 g6
15. Bc4 Qxe3+ 16. fxe3 Bh6 17. Ke2 Bd7 18. a4 O-O-O 19. Rb1 e5 20. dxe5 fxe5
21. Rhd1 Bf5 22. Rxd8+ Rxd8 23. Rc1 e4 24. Ne5 Bg7 25. g4 Bxe5 26. gxf5 Kb8
1/2-1/2

[Event "Campeonato de Australia 2007-2008"]
[Site "Parramatta AUS"]
[Date "2008.01.10"]
[Round "10.3"]
[White "Van Riemsdijk, Herman Claudius"]
[Black "Klein, Felix"]
[Result "1-0"]
[WhiteElo "2391"]
[BlackElo "2205"]
[PlyCount "97"]
[EventDate "2008.01.02"]
[EventType "swiss"]
[EventRounds "11"]
[EventCountry "AUS"]
[Source "lmi"]
[SourceDate "2008.01.02"]

1. e4 c5 2. Nf3 e6 3. d4 cxd4 4. Nxd4 a6 5. c4 Nf6 6. Nc3 Bb4 7. Bd3 Nc6 8.
Nde2 d5 9. exd5 exd5 10. O-O dxc4 11. Bxc4 O-O 12. a3 Qxd1 13. Rxd1 Be7 14. Nf4
Bf5 15. Nfd5 Nxd5 16. Nxd5 Bc5 17. b4 Ba7 18. Be3 Bxe3 19. Nxe3 Be4 20. f3 Bg6
21. Bd5 Rfe8 22. Kf2 h6 23. Rac1 Rac8 24. Bxc6 Rxc6 25. Rxc6 bxc6 26. Rc1 Re6
27. Rc5 Bd3 28. a4 Kf8 29. Rc3 Bg6 30. Nc2 Rd6 31. Ke3 Ke7 32. Nd4 Kd7 33. Rc5
Rd5 34. Rxd5+ cxd5 35. Nb3 Kc6 36. Kd4 Bc2 37. Nc5 Bd1 38. f4 Be2 39. Nxa6 Bxa6
40. b5+ Bxb5 41. axb5+ Kxb5 42. Kxd5 h5 43. g3 Kb4 44. Kd6 Kc4 45. Ke7 f5 46.
Ke6 h4 47. gxh4 Kd4 48. Kxf5 Ke3 49. h5 1-0

[Event "Campeonato de Australia 2007-2008"]
[Site "Parramatta AUS"]
[Date "2008.01.10"]
[Round "10.4"]
[White "Canfell, Gregory"]
[Black "Goldenberg, Igor"]
[Result "0-1"]
[WhiteElo "2315"]
[BlackElo "2395"]
[PlyCount "117"]
[EventDate "2008.01.02"]
[EventType "swiss"]
[EventRounds "11"]
[EventCountry "AUS"]
[Source "lmi"]
[SourceDate "2008.01.02"]

1. e4 c5 2. Nc3 Nc6 3. g3 g6 4. Bg2 Bg7 5. d3 d6 6. f4 e6 7. Nf3 Nge7 8. O-O
O-O 9. Be3 Nd4 10. e5 dxe5 11. fxe5 Nef5 12. Bf2 Rb8 13. Ne4 Nxf3+ 14. Qxf3
Bxe5 15. Nxc5 b6 16. Ne4 Bxb2 17. Rae1 Bb7 18. Qf4 Bg7 19. Qc1 Nd4 20. c3 Nb5
21. c4 Nd4 22. Be3 Nf5 23. Bf4 e5 24. Bg5 Qd4+ 25. Kh1 Qxd3 26. Rd1 Qe2 27.
Rde1 Qxa2 28. Rf2 Qa5 29. Nf6+ Kh8 30. Nd7 Bxg2+ 31. Kxg2 Qa4 32. Nxb8 Rxb8 33.
g4 Qc6+ 34. Kh3 Nd6 35. Be7 Kg8 36. Ref1 Rb7 37. Bxd6 Qxd6 38. Rd2 Qe7 39. Qd1
h6 40. Rd8+ Kh7 41. Qd5 Rc7 42. Ra8 Rd7 43. Qc6 Rd3+ 44. Kg2 Rd2+ 45. Rf2 Rxf2+
46. Kxf2 Qh4+ 47. Kf3 Qxh2 48. Qc8 Qf4+ 49. Ke2 h5 50. gxh5 gxh5 51. Rxa7 e4
52. Qh3 Kg6 53. Qg2+ Kh6 54. Re7 Be5 55. Re8 e3 56. Rc8 Bd4 57. Rd8 Qf6 58. Rd7
Bc5 59. Qe4 0-1

[Event "Campeonato de Australia 2007-2008"]
[Site "Parramatta AUS"]
[Date "2008.01.10"]
[Round "10.5"]
[White "Ly, Moulthun"]
[Black "Yu, Ronald"]
[Result "1-0"]
[WhiteElo "2319"]
[BlackElo "2212"]
[PlyCount "97"]
[EventDate "2008.01.02"]
[EventType "swiss"]
[EventRounds "11"]
[EventCountry "AUS"]
[Source "lmi"]
[SourceDate "2008.01.02"]

1. e4 c6 2. d4 d5 3. exd5 cxd5 4. c4 Nf6 5. Nc3 e6 6. Nf3 Bb4 7. Bd3 dxc4 8.
Bxc4 Qc7 9. Qd3 a6 10. O-O O-O 11. Bb3 Nbd7 12. Bg5 b5 13. Rac1 Qb8 14. Rfe1
Bd6 15. Qe2 Bf4 16. Rcd1 Bxg5 17. Nxg5 Nb6 18. Nce4 Nbd5 19. Nc5 Qf4 20. Qe5 h6
21. Nf3 Rd8 22. Nd3 Qxe5 23. dxe5 Nd7 24. Bxd5 exd5 25. Nd4 Bb7 26. Rc1 Nb6 27.
Rc7 Rd7 28. Rec1 Rad8 29. Rxd7 Rxd7 30. b3 g6 31. f4 Kf8 32. Kf2 Rd8 33. Rc7
Rd7 34. Rc2 Ke8 35. g4 Kd8 36. e6 fxe6 37. Ne5 Bc8 38. Nxe6+ Ke7 39. Nxd7 Bxd7
40. Nd4 Kd6 41. h3 Nc8 42. Ke3 a5 43. Nxb5+ Ke7 44. Kd4 h5 45. Nc7 hxg4 46.
Nxd5+ Kd6 47. hxg4 Bxg4 48. Ne3 Be6 49. Nc4+ 1-0

[Event "Campeonato de Australia 2007-2008"]
[Site "Parramatta AUS"]
[Date "2008.01.10"]
[Round "10.6"]
[White "Johansen, Darryl Keith"]
[Black "Sales, Jesse Noel"]
[Result "0-1"]
[WhiteElo "2475"]
[BlackElo "2126"]
[PlyCount "142"]
[EventDate "2008.01.02"]
[EventType "swiss"]
[EventRounds "11"]
[EventCountry "AUS"]
[Source "lmi"]
[SourceDate "2008.01.02"]

1. e4 Nc6 2. Nf3 e5 3. Bc4 Bc5 4. c3 Nf6 5. d4 exd4 6. e5 d5 7. Bb5 Ne4 8. cxd4
Bb6 9. Nc3 O-O 10. Be3 Bg4 11. h3 Bh5 12. g4 Bg6 13. Ne2 a6 14. Bxc6 bxc6 15.
Rc1 f6 16. Nf4 fxe5 17. Nxe5 Rxf4 18. Bxf4 Qf6 19. Be3 Ba5+ 20. Kf1 Rf8 21.
Rxc6 Qh4 22. Rh2 Qg3 23. Nxg6 hxg6 24. Qb3 Nd2+ 25. Bxd2 Qxh2 26. Qxd5+ Kh8 27.
Be3 Qxh3+ 28. Kg1 Qxg4+ 29. Qg2 Qd1+ 30. Kh2 Rf5 31. Rc1 Rh5+ 32. Kg3 Qd3 33.
Rc5 Bb4 34. Rxh5+ gxh5 35. Qd5 Qg6+ 36. Qg5 Bd6+ 37. Kh3 Qxg5 38. Bxg5 Kh7 39.
Kh4 Kg6 40. d5 Be5 41. b3 Bd4 42. f4 Bf2+ 43. Kh3 Bc5 44. Kg3 Bd6 45. Kf3 Kf5
46. a4 h4 47. Bxh4 Bxf4 48. b4 Bd6 49. Bd8 Ke5 50. b5 Kxd5 51. bxa6 Kc6 52. Kg4
Kb6 53. Kg5 Kxa6 54. Kg6 c5 55. Kxg7 c4 56. Kg6 c3 57. Kf5 c2 58. Bg5 Ka5 59.
Ke4 Kxa4 60. Kd3 Kb3 61. Bh6 Kb2 62. Bg5 Kb1 63. Kc3 Ba3 64. Kb3 Bc1 65. Be7
Bd2 66. Ba3 Ba5 67. Kc4 Be1 68. Kb3 Bd2 69. Kc4 Ba5 70. Kb3 Bc7 71. Bb2 Bd6 0-1

[Event "Campeonato de Australia 2007-2008"]
[Site "Parramatta AUS"]
[Date "2008.01.10"]
[Round "10.7"]
[White "Hamilton, Douglas"]
[Black "Rej, Tomek"]
[Result "0-1"]
[WhiteElo "2229"]
[BlackElo "2283"]
[PlyCount "106"]
[EventDate "2008.01.02"]
[EventType "swiss"]
[EventRounds "11"]
[EventCountry "AUS"]
[Source "lmi"]
[SourceDate "2008.01.02"]

1. d4 Nf6 2. c4 e6 3. Nc3 Bb4 4. a3 Bxc3+ 5. bxc3 c5 6. e3 Nc6 7. Bd3 O-O 8.
Ne2 b6 9. O-O Ne8 10. e4 Ba6 11. f4 f5 12. Ng3 g6 13. Be3 cxd4 14. cxd4 d5 15.
cxd5 Bxd3 16. Qxd3 fxe4 17. Nxe4 Qxd5 18. Rad1 Rd8 19. g4 Nd6 20. Nc3 Qc4 21.
d5 Qxd3 22. Rxd3 Nc4 23. Bc1 Ne7 24. Rfd1 exd5 25. Nxd5 Nxd5 26. Rxd5 Rxd5 27.
Rxd5 Re8 28. Kf2 Kf7 29. a4 Ke6 30. Rd4 Rc8 31. Ke2 a6 32. Kd3 b5 33. axb5 axb5
34. Bd2 Ra8 35. Bb4 Ra2 36. Re4+ Kd5 37. Re2 Rxe2 38. Kxe2 Ke4 39. f5 gxf5 40.
gxf5 Kxf5 41. Kf3 h5 42. Kg3 Ne3 43. Kf3 Nd5 44. Bd6 b4 45. Ke2 b3 46. Kd1 Ne3+
47. Kc1 Nc4 48. Be7 Kg4 49. h4 Kf3 50. Bg5 Ke4 51. Bh6 Kd3 52. Bg5 b2+ 53. Kb1
Kc3 0-1

[Event "Campeonato de Australia 2007-2008"]
[Site "Parramatta AUS"]
[Date "2008.01.10"]
[Round "10.9"]
[White "Hacche, David"]
[Black "Chow, Samuel"]
[Result "1/2-1/2"]
[WhiteElo "2182"]
[BlackElo "2240"]
[PlyCount "124"]
[EventDate "2008.01.02"]
[EventType "swiss"]
[EventRounds "11"]
[EventCountry "AUS"]
[Source "lmi"]
[SourceDate "2008.01.02"]

1. c4 Nf6 2. Nc3 d5 3. cxd5 Nxd5 4. Nf3 g6 5. h4 h6 6. e4 Nb6 7. d4 Bg7 8. Be3
Bg4 9. Qd2 Bxf3 10. gxf3 e5 11. dxe5 Qxd2+ 12. Bxd2 Bxe5 13. f4 Bg7 14. O-O-O
N8d7 15. e5 O-O-O 16. Be3 c6 17. Bh3 Kc7 18. h5 gxh5 19. Rhg1 Bf8 20. e6 fxe6
21. Bxe6 Rh7 22. f5 Bd6 23. Ne4 Be5 24. f4 Bh8 25. Bf2 Rf8 26. Bh4 Nf6 27. Bxf6
Bxf6 28. Rg6 Bd8 29. Nc5 Be7 30. Nd7 Rd8 31. Nxb6 Kxb6 32. f6 Rxd1+ 33. Kxd1
Bd6 34. f7 h4 35. Ke2 h3 36. Kf2 Bf8 37. Rg8 Rg7 38. Bxh3 Rxf7 39. f5 Kc5 40.
Kf3 Kd5 41. Rg2 c5 42. Rd2+ Kc6 43. Bg2 b5 44. Kf4+ Kb6 45. Ke5 Bg7+ 46. Kf4 c4
47. Rd6+ Kc5 48. Rc6+ Kb4 49. Bd5 Rd7 50. Ke4 Bxb2 51. f6 Rd8 52. f7 c3 53. Bb3
Rf8 54. Kd3 Rd8+ 55. Ke4 a5 56. Rg6 Rf8 57. Kd3 Rd8+ 58. Ke4 Rf8 59. Kd3 c2 60.
Kxc2 Be5 61. Rg4+ Kc5 62. a4 bxa4 1/2-1/2

[Event "Campeonato de Australia 2007-2008"]
[Site "Parramatta AUS"]
[Date "2008.01.10"]
[Round "10.10"]
[White "Oliver, Gareth"]
[Black "Lane, Gary William"]
[Result "1/2-1/2"]
[WhiteElo "2164"]
[BlackElo "2412"]
[PlyCount "103"]
[EventDate "2008.01.02"]
[EventType "swiss"]
[EventRounds "11"]
[EventCountry "AUS"]
[Source "lmi"]
[SourceDate "2008.01.02"]

1. d4 Nf6 2. c4 e6 3. Nc3 Bb4 4. e3 O-O 5. Bd3 d5 6. a3 Bxc3+ 7. bxc3 c5 8. Ne2
dxc4 9. Bxc4 Qc7 10. Bd3 e5 11. Bb2 Nc6 12. O-O Rd8 13. h3 Be6 14. f4 exd4 15.
cxd4 c4 16. Bc2 Bd5 17. Nc3 Qe7 18. Re1 Be4 19. Qe2 Na5 20. Nxe4 Nxe4 21. Qh5
Nb3 22. Bxb3 cxb3 23. Qb5 Qe6 24. Rac1 Nd6 25. Qe5 Rac8 26. Qxe6 fxe6 27. Bc3
b6 28. Kf1 Nc4 29. Re2 Rc7 30. Rb1 Nxa3 31. Rxb3 Nc4 32. Be1 a5 33. Ra2 Ra8 34.
Ke2 Rc6 35. Kd3 Nd6 36. e4 Rac8 37. d5 exd5 38. exd5 Rc5 39. Rxb6 Rxd5+ 40. Ke2
Re8+ 41. Kf1 Nc4 42. Ra6 Ne3+ 43. Kf2 Nd1+ 44. Kf1 Ne3+ 45. Kf2 Nd1+ 46. Kf1
Ne3+ 47. Kf2 Nxg2 48. Kxg2 Rxe1 49. R6xa5 Rxa5 50. Rxa5 h6 51. Kf3 Rb1 52. Ra6
1/2-1/2

[Event "Campeonato de Australia 2007-2008"]
[Site "Parramatta AUS"]
[Date "2008.01.10"]
[Round "10.11"]
[White "Ikeda, Junta"]
[Black "Atzmon-Simon, Barak"]
[Result "1/2-1/2"]
[WhiteElo "2201"]
[BlackElo "2142"]
[PlyCount "64"]
[EventDate "2008.01.02"]
[EventType "swiss"]
[EventRounds "11"]
[EventCountry "AUS"]
[Source "lmi"]
[SourceDate "2008.01.02"]

1. d4 d5 2. c4 dxc4 3. Nc3 a6 4. e3 e6 5. Bxc4 c5 6. a3 Nf6 7. Nf3 b5 8. Ba2
Bb7 9. O-O Bd6 10. Qe2 cxd4 11. exd4 O-O 12. Bg5 Nbd7 13. Rfe1 Re8 14. Rad1 Nf8
15. Ne5 Be7 16. Rd3 Nd5 17. Bc1 Nxc3 18. bxc3 Bd5 19. Rg3 Bxa2 20. Qxa2 Bf6 21.
a4 Ng6 22. Ng4 Bh4 23. Rf3 Bg5 24. Ne3 Qc7 25. Bd2 Ne7 26. h4 Bxe3 27. fxe3 Nf5
28. Rf4 Nd6 29. Ref1 Qc4 30. Qa3 Rad8 31. axb5 axb5 32. Qb2 f5 1/2-1/2

[Event "Campeonato de Australia 2007-2008"]
[Site "Parramatta AUS"]
[Date "2008.01.10"]
[Round "10.12"]
[White "Bjelobrk, Igor"]
[Black "Broekhuyse, Paul"]
[Result "1-0"]
[WhiteElo "2380"]
[BlackElo "2130"]
[PlyCount "163"]
[EventDate "2008.01.02"]
[EventType "swiss"]
[EventRounds "11"]
[EventCountry "AUS"]
[Source "lmi"]
[SourceDate "2008.01.02"]

1. f4 Nf6 2. Nf3 g6 3. g3 Bg7 4. Bg2 O-O 5. O-O d6 6. d3 Nc6 7. e4 Bg4 8. h3
Bxf3 9. Qxf3 Nd7 10. c3 f5 11. Be3 e6 12. Nd2 Qe7 13. Rae1 Kh8 14. Qd1 Qf7 15.
d4 d5 16. e5 Ne7 17. b3 c6 18. c4 Rfc8 19. Qe2 Qe8 20. Rb1 a6 21. c5 Bf8 22.
Rfc1 Bg7 23. Bf1 Kg8 24. Qd1 Kh8 25. b4 Rcb8 26. Nb3 Bf8 27. Bd2 Kg8 28. Kg2
Kh8 29. Bd3 Kg8 30. Na5 Bg7 31. Qe2 Nf8 32. a4 Kh8 33. Rb2 Qd8 34. Ra1 Kg8 35.
Kh2 Kh8 36. Qe1 Qc8 37. Rab1 Kg8 38. Bc3 Qe8 39. b5 axb5 40. axb5 Qc8 41. Bf1
Kh8 42. Rb3 Qd8 43. Qd2 Kg8 44. bxc6 bxc6 45. Nb7 Qc7 46. Ba5 Qd7 47. Nd6 Rxb3
48. Rxb3 Qa7 49. Rb7 Qxa5 50. Qxa5 Rxa5 51. Rxe7 Ra2+ 52. Kg1 Rd2 53. Rc7 Rxd4
54. Rxc6 g5 55. Rc8 gxf4 56. c6 Bxe5 57. Rxf8+ Kxf8 58. c7 Bxd6 59. c8=Q+ Kf7
60. Qh8 Bc5 61. Qxh7+ Kf6 62. Qc7 Rc4+ 63. Kh1 Rc2 64. Qxf4 Rf2 65. Qh6+ Ke5
66. Bb5 Ra2 67. h4 Ra1+ 68. Kg2 Ra2+ 69. Kf1 Ra1+ 70. Ke2 Ra2+ 71. Kd1 Ra1+ 72.
Kc2 Ra2+ 73. Kb1 Rf2 74. Bd7 Rf1+ 75. Kc2 Rf2+ 76. Kd1 Kd4 77. Bxe6 Bb4 78. h5
Rf1+ 79. Ke2 Re1+ 80. Kf2 Re4 81. Bxf5 Be1+ 82. Kf3 1-0